QCM Musique Classique et Histoire de France - Statistiques

Statistiques générales
  • Ce quiz a été pris 89 fois
  • Le résultat moyen est 3 sur 10
Statistiques - réponses
Question Réponse % Correct
Lequel de ces compositeurs français avait, seul, le privilège royal de pouvoir composer des tragédies lyriques ? Jean-Baptiste Lully
71%
Lequel des compositeurs français s'est engagé ou a participé volontairement à l'effort de guerre durant la Première Guerre Mondiale ? Maurice Ravel
51%
Lequel de ces compositeurs n'a pas fait partie du "Groupe des Six" Éric Satie
40%
Lequel de ces compositeurs a-t-il été inspiré par une Exposition Universelle à Paris pour certaines de ses compositions ? Claude Debussy
36%
Lequel de ces compositeurs n'a jamais remporté le Prix de Rome de composition ? Paul Dukas
36%
Lequel de ces compositeurs français n'a jamais composé pour piano ? Hector Berlioz
33%
Quel compositeur français a composé une oeuvre pour piano, considérée comme une des plus difficiles, si ce n'est la plus difficile, du répertoire pianistique ? Maurice Ravel
30%
Qui a dit : "La musique, c'est du bruit qui pense" ? Victor Hugo
30%
Lequel de ces compositeurs français a composé le plus d'oeuvres ? Darius Milhaud
16%
Lequel de ces personnages historiques français n'était pas musicien ? Olympe de Gouges
7%
Aucun quiz correspondant
Distribution des résultats
% des personnes avec chaque résultat
Percentile par nombre de réponses
Votre historique - résultats
Vous n’avez pas pris ce quiz